000 00944nas a2200277 4500
001 BR8101032
003 BR-BrBNA
005 20231205084535.0
007 ta
008 230509b bl.|||p| |||| 00| 00por d
040 _aBR-BrBNA
_bpor
_cBiblioteca Nacional de Agricultura
041 _a(Pt)
072 _aF30; H20
100 1 _aParraga, M.S.
100 1 _aCardoso, M.R. de O.
245 1 _aOrigem e bancos de germoplasma da batata [Solanum tuberosum; Brasil]
246 1 _a[Potato origin and germplasm banks [Solanum tuberosum; Brazil]]
650 _aMelhoramento genetico vegetal
650 _aDoenca de planta
650 _aBatata
650 _aBanco de germoplasma
650 _aVariedade resistente
773 0 _tInforme Agropecuario - Empresa de Pesquisa Agropecuaria de Minas Gerais (Brazil)
_xISSN 0100-3364
_g(Apr 1981), v. 7(76) p. 12-14
_wBR8101032
909 _a202311
_bLúcia
_c55
_dLúcia Elande
942 _2AGRIS
_n0
_cANA
999 _c105806
_d105806